000 00389nam a2200169Ia 4500
001 15898
003 IN-NITTTR
005 20251114233150.0
008 251113s9999||||xx |||||||||||||| ||eng||
040 _beng
040 _cIN-NITTTR
041 _aeng
082 _a621.381535 J954I
100 _aJung, Walter G.
245 0 _aIC Op- Amp cookbook. /
_cJung, Walter G.
942 _2ddc
_cBK
999 _c18532
_d18532